Návrh trasy cestnej komunikácie v danej lokalite
Gespeichert in:
| 1. Verfasser: | |
|---|---|
| Weitere Verfasser: | |
| Format: | Manuskript Buch |
| Sprache: | Slowakisch |
| Veröffentlicht: |
2017
|
| Schlagworte: | |
| Online-Zugang: | http://is.stuba.sk/zp/portal_zp.pl?podrobnosti=116988 https://opac.crzp.sk/?fn=detailBiblioForm&sid=877A1C170D2F97A1DE35AF2BFB25 |
| Tags: |
Keine Tags, Fügen Sie das erste Tag hinzu!
|
MARC
| LEADER | 00000ntm a22000003a 4500 | ||
|---|---|---|---|
| 001 | stuzp63146 | ||
| 003 | SK-STU | ||
| 005 | 20230612095130.5 | ||
| 007 | ta | ||
| 008 | 150427s2015----xo-----f-mn---000-0-slo-d | ||
| 040 | |a STU |b slo | ||
| 041 | 0 | |a slo | |
| 100 | 1 | |a Tuška, Denis |u 010120 |4 aut |U SvF Stavebná fakulta |T SvF Katedra dopravných stavieb |X 75638 |U V120 |Y 12 |7 75638 | |
| 242 | 0 | 1 | |a Design of a roadway route in a given location |y eng |
| 245 | 1 | 0 | |a Návrh trasy cestnej komunikácie v danej lokalite |
| 260 | |c 2017 | ||
| 650 | 4 | |a výškové vedenie |2 slo | |
| 650 | 4 | |a trasa |2 slo | |
| 650 | 4 | |a objemové práce |2 slo | |
| 650 | 4 | |a smerové vedenie |2 slo | |
| 650 | 4 | |a directional guidance |2 eng | |
| 650 | 4 | |a vertical alignment |2 eng | |
| 650 | 4 | |a route |2 eng | |
| 650 | 4 | |a volume work |2 eng | |
| 700 | 1 | |a Bačová, Katarína |u 010120 |k Z1 |4 ths |U SvF Stavebná fakulta |T SvF Katedra dopravných stavieb |X 1010 |U V120 |Y 12 |7 A000001010 | |
| 856 | 4 | |u http://is.stuba.sk/zp/portal_zp.pl?podrobnosti=116988 | |
| 856 | 4 | |u https://opac.crzp.sk/?fn=detailBiblioForm&sid=877A1C170D2F97A1DE35AF2BFB25 | |